Экономика природопользования: учебник для бакалавров
| Autor principal: | |
|---|---|
| Autor corporatiu: | |
| Altres autors: | |
| Sumari: | Электронная копия печатного издания. Режим доступа: из корпоративной сети ТПУ |
| Idioma: | rus |
| Publicat: |
Москва, Юрайт, 2013
|
| Edició: | 2-е изд., перераб. и доп. |
| Col·lecció: | Электронные учебники издательства "Юрайт" Бакалавр. Базовый курс |
| Matèries: | |
| Accés en línia: | http://www.lib.tpu.ru/fulltext2/m/2014/FN/fn-02.pdf |
| Format: | MixedMaterials Electrònic Llibre |
| KOHA link: | https://koha.lib.tpu.ru/cgi-bin/koha/opac-detail.pl?biblionumber=258117 |
MARC
| LEADER | 00000nlm0a2200000 4500 | ||
|---|---|---|---|
| 001 | 258117 | ||
| 005 | 20231101233251.0 | ||
| 010 | |a 9785991620819 | ||
| 035 | |a (RuTPU)RU\TPU\book\280955 | ||
| 090 | |a 258117 | ||
| 100 | |a 20140423d2013 m y0rusy50 ca | ||
| 101 | 0 | |a rus | |
| 102 | |a RU | ||
| 105 | |a y j 000zy | ||
| 135 | |a vocna---uucaa | ||
| 181 | 0 | |a i | |
| 182 | 0 | |a b | |
| 200 | 1 | |a Экономика природопользования |b Электронный ресурс |e учебник для бакалавров |f В. Г. Глушкова, С. В. Макар |g Финансовый университет при Правительстве Российской Федерации | |
| 203 | |a Текст |c электронный | ||
| 205 | |a 2-е изд., перераб. и доп. | ||
| 210 | |a Москва |c Юрайт |d 2013 | ||
| 215 | |a 1 Мультимедиа CD-ROM | ||
| 225 | 1 | |a Электронные учебники издательства "Юрайт" | |
| 225 | 1 | |a Бакалавр. Базовый курс | |
| 230 | |a Мультимедиа ресурсы (10 директорий; 100 файлов; 740MB) | ||
| 300 | |a Электронная копия печатного издания. | ||
| 333 | |a Режим доступа: из корпоративной сети ТПУ | ||
| 337 | |a Pentium 100 MHz, 16 Mb RAM, Windows 95/98/NT/2000, CDROM, SVGA, звуковая карта, Internet Explorer 5.0 и выше. | ||
| 452 | 1 | |0 (RuTPU)RU\TPU\book\238747 |y 978-5-9916-2081-9 |t Экономика природопользования |o учебник для бакалавров |f В. Г. Глушкова, С. В. Макар |g Финансовый университет при Правительстве Российской Федерации |e 2-е изд., перераб. и доп. |c Москва |n Юрайт |d 2013 |p 588 с. |s Бакалавр. Базовый курс |a Глушкова, Вера Георгиевна | |
| 606 | 1 | |a Экономика природопользования |2 stltpush |3 (RuTPU)RU\TPU\subj\26563 |9 50463 | |
| 610 | 1 | |a природные ресурсы | |
| 610 | 1 | |a биосфера | |
| 610 | 1 | |a окружающая природная среда | |
| 610 | 1 | |a экономический ущерб | |
| 610 | 1 | |a экономическая оценка | |
| 610 | 1 | |a экология | |
| 610 | 1 | |a экологическая политика | |
| 610 | 1 | |a экологический менеджмент | |
| 610 | 1 | |a управление | |
| 610 | 1 | |a мировое хозяйство | |
| 610 | 1 | |a мировая экономика | |
| 610 | 1 | |a глобальная экология | |
| 610 | 1 | |a Российская Федерация | |
| 610 | 1 | |a экономическое регулирование | |
| 610 | 1 | |a региональная экология | |
| 610 | 1 | |a региональная экономика | |
| 610 | 1 | |a эколого-экономические процессы | |
| 610 | 1 | |a регионы | |
| 610 | 1 | |a экологический паспорт | |
| 610 | 1 | |a учебники | |
| 610 | 1 | |a CD-ROM | |
| 686 | |a У9(2)28я73 |v LBC/SL-A |2 rubbk | ||
| 700 | 1 | |a Глушкова |b В. Г. |g Вера Георгиевна | |
| 701 | 1 | |a Макар |b С. В. |g Светлана Владимировна | |
| 712 | 0 | 2 | |a Финансовый университет при Правительстве Российской Федерации |c (Москва) |c (2010- ) |2 stltpush |3 (RuTPU)RU\TPU\col\17114 |9 26530 |
| 801 | 1 | |a RU |b 63413507 |c 20140423 | |
| 801 | 2 | |a RU |b 63413507 |c 20140507 |g RCR | |
| 856 | 4 | |u http://www.lib.tpu.ru/fulltext2/m/2014/FN/fn-02.pdf | |
| 900 | |a Экономика природопользования | ||
| 942 | |c CF | ||
| 952 | |b 080100 |b 080300 |l 8.1 | ||